Razón y razones: ensayos diversos
Guardat en:
| Autor principal: | |
|---|---|
| Format: | Llibre |
| Idioma: | espanyol |
| Publicat: |
Buenos Aires
Desclée de Brouwer
1951
|
| Matèries: | |
| Etiquetes: |
Afegir etiqueta
Sense etiquetes, Sigues el primer a etiquetar aquest registre!
|
MARC
| LEADER | 00000nam a2200000 a 4500 | ||
|---|---|---|---|
| 001 | UCZ3760 | ||
| 003 | CL-VaPUC | ||
| 008 | 951027e19510000AG |||||||||||||||||spa|d | ||
| 082 | 0 | 4 | |a 144 |b MAR |2 21 |
| 100 | |a Maritain, Jacques |e autor |9 255680 | ||
| 245 | 1 | 0 | |a Razón y razones: ensayos diversos |
| 300 | |a 313 p | ||
| 942 | |c BK | ||
| 945 | |d 19951027 00:00:00 |a cmena | ||
| 260 | |a Buenos Aires |b Desclée de Brouwer |c 1951 | ||
| 650 | 0 | |a Humanismo |9 256530 | |
| 650 | 0 | |a Ensayos |9 268724 | |
| 650 | 0 | |a Filosofía francesa |9 255698 | |
| 650 | 0 | |a Metafísica |9 265649 | |
| 650 | 0 | |a Conceptos morales |9 310606 | |
| 650 | 0 | |a Filosofía cristiana |9 265980 | |
| 650 | 0 | |a Iglesia Católica |9 256114 | |
| 650 | 0 | |a Democracia |9 255256 | |
| 583 | |a last modification |c 19951027 00:00:00 |k Rodrigo Vera | ||
| 999 | |c 240208 |d 240206 | ||
| 952 | |0 0 |1 0 |4 0 |6 144_000000000000000_MAR_1951 |7 0 |8 A |9 251931 |a BIBEDU |b BIBEDU |d 2019-11-18 |i 1588621 |l 4 |m 2 |o 144 MAR 1951 |p 1588621 |q 2024-08-02 |r 2024-07-03 |s 2024-07-03 |w 2019-11-18 |y BK |k FIL | ||
| 952 | |0 0 |1 0 |4 0 |6 144_000000000000000_MAR_1951 |7 0 |8 A |9 251932 |a BIBEDU |b BIBEDU |d 2019-11-18 |i 3169367 |o 144 MAR 1951 |p 3169367 |r 2019-11-18 |w 2019-11-18 |y BK |k FIL | ||
| 952 | |0 0 |1 0 |4 0 |6 144_000000000000000_MAR_1951 |7 0 |8 A |9 251933 |a BIBEDU |b BIBEDU |d 2019-11-18 |i 3125963 |o 144 MAR 1951 |p 3125963 |r 2019-11-18 |w 2019-11-18 |y BK |k FIL | ||